| 000 | 00753nam a2200205 i 4500 | ||
|---|---|---|---|
| 001 | 141250 | ||
| 003 | ES-MaACL | ||
| 005 | 20240511063037.0 | ||
| 007 | t| | ||
| 008 | 070920s1921 sp ||||1| spa d | ||
| 080 | _a656.2(460) | ||
| 100 | 1 |
_aVillar Grangel, Domingo, _d1882-1933 _9115090 |
|
| 245 | 1 | 0 |
_aMemoria sobre la constitución y desarrollo de la Compañía General de los Ferrocarriles de Galicia / _cDomingo Villar Grangel. |
| 260 |
_aMadrid : _b[s.n.], _c1921 ( _fArtes Gráf. "Mateu") |
||
| 610 | 2 |
_aCompañía de los Ferrocarriles de Asturias, Galicia y León. _9149591 |
|
| 650 |
_aFerrocarriles- _zGalicia. _9176216 |
||
| 650 | 4 |
_aFerrocarriles- _zEspaña. _912761 |
|
| 852 | 4 |
_aES-MaACL _j1611-F-19 |
|
| 999 |
_c141250 _d141250 |
||